| 000 | 00562nam a22002177a 4500 | ||
|---|---|---|---|
| 001 | nam a22 7a 4500 | ||
| 003 | OSt | ||
| 005 | 20211004154134.0 | ||
| 007 | nam a22 7a 4500 | ||
| 008 | 211004b |||||||| |||| 00| 0 eng d | ||
| 010 | _a nam a22 7a 4500 | ||
| 020 | _a9780071321198 | ||
| 040 | _cHU | ||
| 082 |
_24th _a621.437/SCH/1999 |
||
| 100 |
_aSchulz Erich J. _99756 |
||
| 245 | _aDiesel Mechanics | ||
| 250 | _a4th | ||
| 260 |
_aNew Delhi _bTata McGraw Hill Education Private Limited _c1999 |
||
| 300 | _a608p | ||
| 942 |
_2ddc _cBOOKS _n0 |
||
| 999 |
_c9107 _d9107 |
||